000 00777cab a2200277 4500
001 ABS50846
008 090401t1994 xxu||||| |||| 00| 0 eng d
035 _a(Sirsi) u71698
041 _aeng
100 _aParker, J.
245 4 _aThe spirit of localism
260 _c1994
350 _a0
490 _aContext
_v(42) June 1994, 18-20(3)
520 _aExamines the role of Local Lists, and reports on research being done to protect historic buildings, looking at implementation issues.
650 _aBUILDING CONSERVATION
650 _aENGLISH HERITAGE
650 _aLISTED BUILDINGS
650 _aLOCAL LISTS
650 _aPPG15
650 _aPPG16
690 _aCONSERVATION
690 _aPLANNING LAW AND PRACTICE
942 _n0
948 _c04/03/1997
999 _c45235
_d45235